| 000 | 00954cam1a220026500 4500 | ||
|---|---|---|---|
| 001 | qce01552164 | ||
| 005 | 20190814132757.0 | ||
| 008 | 821021s1983 nyua 001 0 eng d | ||
| 020 | _a3805535708 | ||
| 035 | _a(Sirsi) r24722 | ||
| 035 | _a(QCAT)lss03578227 | ||
| 035 | _a(UPRA)qce01552164 | ||
| 040 | _dUPRA | ||
| 060 | _aWE 705 S132t 1983 | ||
| 100 | 1 |
_aSailer, Hermann F. _6A87538.1 |
|
| 245 | 1 | 0 |
_aTransplantation of lyophilized cartilage in maxillo-facial surgery : _bexperimental foundations and clinical success / _cHermann F. Sailer. |
| 260 |
_aBasel ; New York : _bKarger, _c1983. |
||
| 504 | _aBibliography: p. [124]-133. | ||
| 650 | 2 |
_aCartilage -- transplantation _xCartilage -- transplantation _6S63002.1 |
|
| 650 | 2 |
_aFace -- surgery _xFace -- surgery _6S57153.2 |
|
| 650 | 2 |
_aFreeze Drying _6S42482.2 |
|
| 650 | 2 |
_aJaw -- surgery _xJaw -- surgery _6S63003.1 |
|
| 949 |
_aRD523 _wLC _i-24550 _mMEDICAL _tBOOK _lON-SHELF |
||
| 004 | 24722 | ||
| 999 |
_c44305 _d44305 |
||